Manažéri potrebujú kvalitný servis

Celosvetový trend v budovaní podniku orientovaný na zvyšovanie kvality, znižovanie nákladov a zvyšovanie produktivity. Kontroling - nástroj dosahovania naplánovaných cieľov. Nový spôsob myslenia riadiacich pracovníkov. Vzťah medzi manažmentom a kontrolingom. Podpora riadenia kvalitným informačným sy...

Descripción completa

Guardado en:
Detalles Bibliográficos
Autor principal: Oravec, Jozef
Formato: Capítulo de libro
Lenguaje:eslovaco
Materias:
Etiquetas: Agregar Etiqueta
Sin Etiquetas, Sea el primero en etiquetar este registro!

MARC

LEADER 00000naa$a2200000$$$4500
001 0088307
005 20231011071752.6
041 0 |a slo 
044 |a CZ 
245 1 0 |a Manažéri potrebujú kvalitný servis  |c Jozef Oravec 
520 |a Celosvetový trend v budovaní podniku orientovaný na zvyšovanie kvality, znižovanie nákladov a zvyšovanie produktivity. Kontroling - nástroj dosahovania naplánovaných cieľov. Nový spôsob myslenia riadiacich pracovníkov. Vzťah medzi manažmentom a kontrolingom. Podpora riadenia kvalitným informačným systémom. Operatívny a strategický kontroling. 
610 2 0 |a kontroling operatívny 
610 2 0 |a kontroling strategický 
610 2 0 |a kontroling finančný 
610 2 0 |a riadenie podnikové 
610 2 0 |a manažment 
610 2 0 |a kvalita 
610 2 0 |a produktivita 
100 1 |a Oravec, Jozef